| 000 | 00572 a2200205 4500 | ||
|---|---|---|---|
| 005 | 20260407143314.0 | ||
| 008 | 260407b |||||||| |||| 00| 0 eng d | ||
| 020 |
_a9789391670146 _cRs. 3495.00 |
||
| 040 | _aMAIN | ||
| 082 |
_a650.072 _bA41R |
||
| 100 | _aAri, Vijay Kumar | ||
| 245 | _aResearch methodology for researchers in commerce and management | ||
| 260 |
_bAmiga Press _c2023 _aDelhi |
||
| 300 | _axiv, 276 | ||
| 650 | _aManagement | ||
| 650 | _aAuxiliary Services | ||
| 650 | _aResearch Methods- Management | ||
| 700 | _aChahlia, Sita Ram | ||
| 942 | _cBK | ||
| 999 |
_c396893 _d396893 |
||